The Weeknd Trivia: lvl Easy - Statistics

General Stats
  • This quiz has been taken 54 times
  • The average score is 9 of 10
Answer Stats
Hint Answer % Correct
Most popular song on the album "Starboy" Starboy
100%
The most streamed song on Spotify of all time Blinding Lights
98%
I can't feel my ___ when I'm with you Face
98%
Album that Blinding Lights is on After Hours
96%
Hurry up Tomorrow song with Playboi Carti Timeless
93%
Song with Madonna and Playboi Carti on The Idol Popular
89%
Album that The Hills is on Beauty Behind the Madness
87%
Starboy song remixed by Ariana Grande Die For You
87%
After Hours song remixed by Ariana Grande Save Your Tears
84%
The Weeknd's record label XO
73%
No matching quizzes found
Score Distribution
Percent of People with Each Score
Percentile by Number Answered
Your Score History
You have not taken this quiz